[Event "Oberliga NRW 2122"]
[Site "Germany"]
[Date "2022.05.29"]
[Round "6.2"]
[White "Stillger, Bernhard"]
[Black "Fridman, Rafael"]
[Result "1/2-1/2"]
[WhiteElo "2238"]
[BlackElo "2443"]
[PlyCount "22"]
[EventDate "2021.10.31"]
[EventType "team-tourn"]
[EventRounds "9"]
[EventCountry "GER"]
[SourceTitle "EXT 2024"]
[Source "ChessBase"]
[SourceDate "2023.10.10"]
[SourceVersion "1"]
[SourceVersionDate "2023.10.10"]
[SourceQuality "1"]
[WhiteTeam "Muelheim Nord II"]
[BlackTeam "Bochum II"]
[WhiteTeamCountry "GER"]
[BlackTeamCountry "GER"]

1. d4 d6 2. Nf3 Bg4 3. e3 Nf6 4. c4 c6 5. Nc3 Nbd7 6. Be2 e5 7. 0-0 Be7 8. e4 0-0 9. Be3 Re8 10. d5 cxd5 11. cxd5 Qb8 1/2-1/2

[Event "Oberliga NRW 2122"]
[Site "Germany"]
[Date "2022.04.10"]
[Round "8.3"]
[White "Fridman, Rafael"]
[Black "De Vreugt, Dennis"]
[Result "1/2-1/2"]
[WhiteElo "2439"]
[BlackElo "2383"]
[PlyCount "37"]
[EventDate "2021.10.31"]
[EventType "team-tourn"]
[EventRounds "9"]
[EventCountry "GER"]
[SourceTitle "EXT 2023"]
[Source "ChessBase"]
[SourceDate "2022.10.05"]
[SourceVersion "1"]
[SourceVersionDate "2022.10.05"]
[SourceQuality "1"]
[WhiteTeam "Bochum II"]
[BlackTeam "Erkenschwick"]
[WhiteTeamCountry "GER"]
[BlackTeamCountry "GER"]

1. Nf3 d5 2. g3 g6 3. Bg2 Bg7 4. d4 Nf6 5. 0-0 0-0 6. Nbd2 b6 7. c4 e6 8. b3 Bb7 9. Ba3 Re8 10. Rc1 Nbd7 11. e3 Rc8 12. Qc2 c5 13. Qb1 e5 14. dxe5 Nxe5 15. Nxe5 Rxe5 16. Bb2 Rh5 17. Rcd1 Qe7 18. cxd5 Bxd5 19. Bxf6 1/2-1/2

[Event "Oberliga NRW 2122"]
[Site "Germany"]
[Date "2022.04.03"]
[Round "5.3"]
[White "Wengenroth, Walter"]
[Black "Fridman, Rafael"]
[Result "1/2-1/2"]
[WhiteElo "2290"]
[BlackElo "2439"]
[PlyCount "30"]
[EventDate "2021.10.31"]
[EventType "team-tourn"]
[EventRounds "9"]
[EventCountry "GER"]
[SourceTitle "EXT 2023"]
[Source "ChessBase"]
[SourceDate "2022.10.05"]
[SourceVersion "1"]
[SourceVersionDate "2022.10.05"]
[SourceQuality "1"]
[WhiteTeam "Wattenscheid"]
[BlackTeam "Bochum II"]
[WhiteTeamCountry "GER"]
[BlackTeamCountry "GER"]

1. e4 c5 2. Nf3 d6 3. Bb5+ Nd7 4. c3 Ngf6 5. Qe2 a6 6. Ba4 e6 7. 0-0 Be7 8. d4 b5 9. Bc2 Bb7 10. Nbd2 cxd4 11. cxd4 e5 12. a4 0-0 13. Re1 Qc7 14. Bd3 bxa4 15. Rxa4 a5 1/2-1/2

[Event "BL2-West 1718"]
[Site "Germany"]
[Date "2018.04.15"]
[Round "9.1"]
[White "Heberla, Bartlomiej"]
[Black "Fridman, Rafael"]
[Result "1/2-1/2"]
[WhiteElo "2551"]
[BlackElo "2463"]
[PlyCount "89"]
[EventDate "2017.10.08"]
[EventType "team-tourn"]
[EventRounds "9"]
[EventCountry "GER"]
[SourceTitle "EXT 2019"]
[Source "ChessBase"]
[SourceDate "2018.10.10"]
[SourceVersion "1"]
[SourceVersionDate "2018.10.10"]
[SourceQuality "1"]
[WhiteTeam "Dortmund Hansa"]
[BlackTeam "Bochum SG"]
[WhiteTeamCountry "GER"]
[BlackTeamCountry "GER"]

1. d4 Nf6 2. c4 e5 3. dxe5 Ng4 4. Bf4 Nc6 5. Nf3 Bb4+ 6. Nbd2 Qe7 7. e3 Ngxe5 8. Nxe5 Nxe5 9. Be2 0-0 10. 0-0 Bxd2 11. Qxd2 d6 12. b4 Rd8 13. Qc3 b6 14. c5 Bb7 15. Bg3 f6 16. Rfc1 Kh8 17. a4 dxc5 18. bxc5 Rd5 19. Qa3 Rad8 20. c6 Qxa3 21. Rxa3 Nxc6 22. h3 Rd2 23. Bg4 g6 24. Rac3 h5 25. Bf3 Na5 26. Bxc7 Re8 27. Bd1 Kg7 28. Bg3 Red8 29. Rc7+ R8d7 30. Be2 Bc6 31. Rxd7+ Rxd7 32. Bb5 Bxb5 33. axb5 Nb3 34. Rc7 Nc5 35. f3 Rxc7 36. Bxc7 Kf7 37. g4 hxg4 38. fxg4 g5 39. Kg2 Ke6 40. Kf3 Kd5 41. Bd8 Nd7 42. e4+ Kc4 43. Ke3 Kxb5 44. e5 Nxe5 45. Bxf6 1/2-1/2

[Event "BL2-West 1718"]
[Site "Germany"]
[Date "2018.02.04"]
[Round "6.1"]
[White "Fridman, Rafael"]
[Black "Sulskis, Sarunas"]
[Result "1/2-1/2"]
[WhiteElo "2463"]
[BlackElo "2525"]
[PlyCount "49"]
[EventDate "2017.10.08"]
[EventType "team-tourn"]
[EventRounds "9"]
[EventCountry "GER"]
[SourceTitle "CBM 183 Extra"]
[Source "ChessBase"]
[SourceDate "2018.04.19"]
[SourceVersion "1"]
[SourceVersionDate "2018.04.19"]
[SourceQuality "1"]
[WhiteTeam "Bochum SG"]
[BlackTeam "Koblenz"]
[WhiteTeamCountry "GER"]
[BlackTeamCountry "GER"]

1. e4 d5 2. exd5 Qxd5 3. Nc3 Qd6 4. d4 Nf6 5. Nf3 g6 6. Bc4 Bg7 7. 0-0 0-0 8. Nb5 Qd8 9. Bf4 c6 10. Bc7 Qd7 11. Ne5 Qe8 12. Nc3 b5 13. Bxb8 Rxb8 14. Bb3 a5 15. a3 Bb7 16. Qe2 e6 17. Rfe1 Qe7 18. Rad1 Rbd8 19. Qe3 Rd6 20. a4 b4 21. Ne2 Rfd8 22. Nc4 Rd5 23. Ne5 R5d6 24. Nc4 Rd5 25. Ne5 1/2-1/2

[Event "BL2-West 1718"]
[Site "Germany"]
[Date "2017.12.10"]
[Round "4.1"]
[White "Fridman, Rafael"]
[Black "Pruijssers, Roeland"]
[Result "1-0"]
[WhiteElo "2463"]
[BlackElo "2512"]
[PlyCount "113"]
[EventDate "2017.10.08"]
[EventType "team-tourn"]
[EventRounds "9"]
[EventCountry "GER"]
[SourceTitle "CBM 183 Extra"]
[Source "ChessBase"]
[SourceDate "2018.04.19"]
[SourceVersion "1"]
[SourceVersionDate "2018.04.19"]
[SourceQuality "1"]
[WhiteTeam "Bochum SG"]
[BlackTeam "Aachen DJK"]
[WhiteTeamCountry "GER"]
[BlackTeamCountry "GER"]

1. e4 d5 2. Nc3 d4 3. Nce2 e5 4. Ng3 Be6 5. Bb5+ Nd7 6. Nf3 c6 7. Be2 f6 8. d3 c5 9. Nd2 Ne7 10. Bg4 Bf7 11. Nc4 Qc7 12. a4 g6 13. 0-0 h5 14. Bxd7+ Qxd7 15. f4 h4 16. Nh1 h3 17. g3 exf4 18. Bxf4 Nc6 19. Nf2 Be6 20. Qf3 0-0-0 21. g4 Be7 22. Bg3 b6 23. b3 Rdf8 24. Rae1 Rh7 25. Qe2 Kb7 26. Qf3 Ne5 27. Qe2 Nxg4 28. Nxg4 Bxg4 29. Qd2 Be6 30. Qf4 Qc6 31. Nd6+ Bxd6 32. Qxd6 Qc8 33. a5 g5 34. Bf2 Bd7 35. axb6 axb6 36. b4 Bc6 37. bxc5 b5 38. Bg3 Rd7 39. Qe6 Rdf7 40. Qa2 Qa8 41. Qb2 Kc8 42. Bd6 Re8 43. Qxd4 Qa2 44. Qc3 f5 45. Qb3 Qxb3 46. cxb3 b4 47. Ra1 Kb7 48. Ra5 Ra8 49. Rxa8 Kxa8 50. exf5 Bg2 51. Rf2 Ra7 52. Be5 Bd5 53. f6 Bxb3 54. c6 Ra2 55. Bb2 Bf7 56. Re2 Bh5 57. Rc2 1-0

[Event "BL2-West 1617"]
[Site "Germany"]
[Date "2017.05.08"]
[Round "9.2"]
[White "Fridman, Rafael"]
[Black "Kotainy, Jens"]
[Result "1/2-1/2"]
[WhiteElo "2466"]
[BlackElo "2400"]
[PlyCount "33"]
[EventDate "2016.10.16"]
[EventType "team-tourn"]
[EventRounds "9"]
[EventCountry "GER"]
[SourceTitle "EXT 2018"]
[Source "ChessBase"]
[SourceDate "2017.10.13"]
[SourceVersion "1"]
[SourceVersionDate "2017.10.13"]
[SourceQuality "1"]
[WhiteTeam "Wuerselen"]
[BlackTeam "Bochum"]
[WhiteTeamCountry "GER"]
[BlackTeamCountry "GER"]

1. Nf3 Nf6 2. g3 d5 3. Bg2 Bg4 4. Ne5 Be6 5. d4 Nbd7 6. c4 c6 7. Nd2 g6 8. 0-0 Bg7 9. cxd5 cxd5 10. Ndf3 0-0 11. Nxd7 Bxd7 12. Ne5 Bf5 13. Qb3 Qb6 14. Be3 Rfc8 15. Rfc1 Qxb3 16. axb3 Bc2 17. b4 1/2-1/2

[Event "BL2-West 1617"]
[Site "Germany"]
[Date "2017.03.19"]
[Round "7.2"]
[White "Fridman, Rafael"]
[Black "Wegerle, Joerg"]
[Result "1/2-1/2"]
[WhiteElo "2466"]
[BlackElo "2438"]
[PlyCount "38"]
[EventDate "2016.10.16"]
[EventType "team-tourn"]
[EventRounds "9"]
[EventCountry "GER"]
[SourceTitle "EXT 2018"]
[Source "ChessBase"]
[SourceDate "2017.10.13"]
[SourceVersion "1"]
[SourceVersionDate "2017.10.13"]
[SourceQuality "1"]
[WhiteTeam "Wuerselen"]
[BlackTeam "Solingen II"]
[WhiteTeamCountry "GER"]
[BlackTeamCountry "GER"]

1. Nf3 d5 2. g3 Nf6 3. Bg2 c6 4. b3 Bg4 5. Bb2 Nbd7 6. c4 e6 7. 0-0 Bd6 8. d4 Qb8 9. Nbd2 0-0 10. Re1 Re8 11. a3 a5 12. e4 dxe4 13. Nxe4 Nxe4 14. Rxe4 Bh5 15. Qd2 Qc7 16. Rae1 Rad8 17. Qc3 Bg6 18. R4e3 Be7 19. Qc1 Bf6 1/2-1/2

[Event "BL2-West 1617"]
[Site "Germany"]
[Date "2016.11.20"]
[Round "2.2"]
[White "Koch, Thomas"]
[Black "Fridman, Rafael"]
[Result "1-0"]
[WhiteElo "2474"]
[BlackElo "2466"]
[PlyCount "113"]
[EventDate "2016.10.16"]
[EventType "team-tourn"]
[EventRounds "9"]
[EventCountry "GER"]
[SourceTitle "EXT 2018"]
[Source "ChessBase"]
[SourceDate "2017.10.13"]
[SourceVersion "1"]
[SourceVersionDate "2017.10.13"]
[SourceQuality "1"]
[WhiteTeam "Aachen SV"]
[BlackTeam "Wuerselen"]
[WhiteTeamCountry "GER"]
[BlackTeamCountry "GER"]

1. d4 d6 2. c4 e5 3. Nf3 e4 4. Ng5 f5 5. Nc3 Nf6 6. f3 exf3 7. exf3 g6 8. Qe2+ Qe7 9. Nb5 Na6 10. Bd2 Qxe2+ 11. Bxe2 c6 12. Nc3 Nc7 13. 0-0-0 Be7 14. Rhe1 h6 15. Nh3 Kf7 16. d5 c5 17. Bd3 a6 18. a4 Bd7 19. a5 g5 20. Ne2 Nce8 21. Nf2 Ng7 22. Kc2 f4 23. g3 fxg3 24. Nxg3 Rhe8 25. Rb1 Rac8 26. Rf1 Bf8 27. Ng4 Ngh5 28. Ne4 Nxe4 29. fxe4+ Ke7 30. h3 Bg7 31. e5 Bxe5 32. Nxe5 dxe5 33. Rbe1 Rf8 34. Rxf8 Rxf8 35. h4 Nf4 36. hxg5 Nxd3 37. Kxd3 Bf5+ 38. Kc3 hxg5 39. Bxg5+ Kd6 40. Rf1 Rf7 41. b4 cxb4+ 42. Kxb4 Bg6 43. Rg1 Bd3 44. Be3 Rc7 45. Rg4 Rf7 46. Rg8 Rf1 47. Bc5+ Kd7 48. Rg7+ Kc8 49. Bb6 Rf8 50. Kc5 Bf5 51. Rc7+ Kb8 52. Re7 e4 53. Bc7+ Kc8 54. Bd6 Rh8 55. Rc7+ Kd8 56. Rxb7 e3 57. Bc7+ 1-0

[Event "BL2-West 1415"]
[Site "Germany"]
[Date "2015.04.12"]
[Round "9.3"]
[White "Hoffmann, Michael"]
[Black "Fridman, Rafael"]
[Result "1/2-1/2"]
[WhiteElo "2447"]
[BlackElo "2486"]
[PlyCount "46"]
[EventDate "2014.09.21"]
[EventType "team-tourn"]
[EventRounds "9"]
[EventCountry "GER"]
[SourceTitle "CBM 166 Extra"]
[Source "ChessBase"]
[SourceDate "2015.06.18"]
[SourceVersion "1"]
[SourceVersionDate "2015.06.18"]
[SourceQuality "1"]
[WhiteTeam "Aachen Aufwaerts"]
[BlackTeam "Bochum SG"]
[WhiteTeamCountry "GER"]
[BlackTeamCountry "GER"]

1. d4 d6 2. e4 Nf6 3. Nc3 e5 4. Nf3 exd4 5. Nxd4 Be7 6. g3 Nc6 7. Bg2 Bg4 8. Nde2 Qc8 9. h3 Bxe2 10. Qxe2 0-0 11. 0-0 Re8 12. Be3 Bf8 13. Qd2 Ne5 14. b3 c6 15. Bd4 Ned7 16. f4 g6 17. Rae1 Qc7 18. g4 Bg7 19. Bf3 Re7 20. g5 Ne8 21. Bxg7 Nxg7 22. Nd1 f6 23. h4 Rf8 1/2-1/2

[Event "BL2-West 1415"]
[Site "Germany"]
[Date "2015.03.15"]
[Round "8.3"]
[White "Fridman, Rafael"]
[Black "Michalczak, Thomas"]
[Result "1-0"]
[WhiteElo "2486"]
[BlackElo "2230"]
[PlyCount "71"]
[EventDate "2014.09.21"]
[EventType "team-tourn"]
[EventRounds "9"]
[EventCountry "GER"]
[SourceTitle "CBM 166 Extra"]
[Source "ChessBase"]
[SourceDate "2015.06.18"]
[SourceVersion "1"]
[SourceVersionDate "2015.06.18"]
[SourceQuality "1"]
[WhiteTeam "Bochum SG"]
[BlackTeam "Solingen II"]
[WhiteTeamCountry "GER"]
[BlackTeamCountry "GER"]

1. Nf3 d5 2. d4 Nf6 3. c4 e6 4. Nc3 c6 5. e3 a6 6. Ne5 c5 7. cxd5 exd5 8. Be2 Nc6 9. Nxc6 bxc6 10. 0-0 Bd6 11. dxc5 Bxc5 12. b3 0-0 13. Bb2 Re8 14. Rc1 Bd6 15. Na4 Bd7 16. Nc5 Bc8 17. Bd4 Qc7 18. Bxf6 gxf6 19. g3 Qa5 20. Na4 Bh3 21. Re1 Bb4 22. Bg4 Bxe1 23. Bxh3 Bb4 24. Qg4+ Kf8 25. Qh4 Kg7 26. Bf5 h6 27. Rxc6 Be7 28. Qg4+ Kh8 29. Qf4 Kg7 30. Bd3 Qd2 31. Qg4+ Kf8 32. Bh7 Bd8 33. Nc5 Re5 34. Qg8+ Ke7 35. Qg7 Ke8 36. Qh8+ 1-0

[Event "BL2-West 1415"]
[Site "Germany"]
[Date "2014.10.19"]
[Round "2.2"]
[White "Rausis, Igors"]
[Black "Fridman, Rafael"]
[Result "1-0"]
[WhiteElo "2569"]
[BlackElo "2486"]
[PlyCount "81"]
[EventDate "2014.09.21"]
[EventType "team-tourn"]
[EventRounds "9"]
[EventCountry "GER"]
[SourceTitle "CBM 166 Extra"]
[Source "ChessBase"]
[SourceDate "2015.06.18"]
[SourceVersion "1"]
[SourceVersionDate "2015.06.18"]
[SourceQuality "1"]
[WhiteTeam "Godesberg"]
[BlackTeam "Bochum SG"]
[WhiteTeamCountry "GER"]
[BlackTeamCountry "GER"]

1. e4 d5 2. exd5 Qxd5 3. Nf3 Nf6 4. d4 Bg4 5. Be2 e6 6. h3 Bh5 7. 0-0 c6 8. c4 Qd8 9. Qb3 Qb6 10. Nc3 Nbd7 11. Qxb6 axb6 12. Bf4 Bb4 13. Rfc1 0-0 14. a3 Be7 15. g4 Bg6 16. Nh4 Rfd8 17. Nxg6 hxg6 18. Re1 Nf8 19. Rad1 Bd6 20. Be3 N8d7 21. Kg2 e5 22. g5 Nh5 23. d5 Bc5 24. dxc6 bxc6 25. Bf3 Rac8 26. Bg4 Bd4 27. Bxd4 exd4 28. Rxd4 Nc5 29. Red1 Rxd4 30. Rxd4 Rc7 31. Rd8+ Kh7 32. Kf3 f5 33. gxf6 Nxf6 34. b4 Nb3 35. Rd3 Rf7 36. Ne4 Nxe4+ 37. Kxe4 Re7+ 38. Kf4 Na1 39. Rd7 Re8 40. Rb7 Rf8+ 41. Ke5 1-0

[Event "BL2-West 1415"]
[Site "Germany"]
[Date "2014.09.21"]
[Round "1.3"]
[White "Fridman, Rafael"]
[Black "De Groote, Ewoud"]
[Result "1-0"]
[WhiteElo "2486"]
[BlackElo "2330"]
[PlyCount "181"]
[EventDate "2014.09.21"]
[EventType "team-tourn"]
[EventRounds "9"]
[EventCountry "GER"]
[SourceTitle "CBM 166 Extra"]
[Source "ChessBase"]
[SourceDate "2015.06.18"]
[SourceVersion "1"]
[SourceVersionDate "2015.06.18"]
[SourceQuality "1"]
[WhiteTeam "Bochum SG"]
[BlackTeam "Bochum SV"]
[WhiteTeamCountry "GER"]
[BlackTeamCountry "GER"]

1. Nf3 d5 2. g3 c6 3. Bg2 Bg4 4. 0-0 Nd7 5. d4 e6 6. c3 Bd6 7. Nbd2 f5 8. Ne1 Ngf6 9. Nd3 0-0 10. Nf3 Ne4 11. Nfe5 Bh5 12. Nf4 Bf7 13. Nxf7 Kxf7 14. Bxe4 fxe4 15. f3 exf3 16. Rxf3 Nf6 17. Nh5 Kg8 18. Bg5 Qe8 19. Nxf6+ gxf6 20. Bxf6 Qg6 21. Bh4 e5 22. dxe5 Bxe5 23. Qd2 Bd6 24. Bg5 Rae8 25. Raf1 Bc5+ 26. Kg2 Qe4 27. e3 Rf5 28. Bf4 h5 29. h4 Kh7 30. Kh2 a5 31. Qd1 Ref8 32. R3f2 b5 33. Qe2 Kg6 34. Kh3 Kh7 35. Qf3 Re5 36. Kg2 a4 37. Qxe4+ Rxe4 38. Bg5 Rxf2+ 39. Kxf2 Kg6 40. Ke2 Re6 41. Kf3 a3 42. b3 Bf8 43. Ke2 Bg7 44. Kd2 c5 45. Bf4 Bf8 46. Kc2 d4 47. cxd4 cxd4 48. exd4 Re2+ 49. Bd2 Bb4 50. Rd1 Rg2 51. Kd3 Rxg3+ 52. Ke4 Be7 53. d5 Bxh4 54. d6 Bd8 55. Bc1 b4 56. Bf4 Rg2 57. Rd2 Rg1 58. d7 Kf7 59. Kf5 Rg6 60. Rd4 Rb6 61. Bd6 Rb5+ 62. Ke4 Ke6 63. Bxb4 Re5+ 64. Kf3 Rf5+ 65. Kg2 Rd5 66. Rxd5 Kxd5 67. Kf3 Ke6 68. Bxa3 Kxd7 69. Bc1 Be7 70. Bd2 Kc6 71. Ke4 h4 72. Kf3 Kd5 73. Be3 Ba3 74. Bf2 h3 75. Kg3 Ke4 76. Kxh3 Kd3 77. Be1 Kc2 78. b4 Kb2 79. b5 Kxa2 80. b6 Bc5 81. b7 Ba7 82. Kg4 Kb3 83. Kf5 Kc4 84. Ke6 Kc5 85. Kd7 Bb8 86. Bf2+ Kb5 87. Kc8 Bf4 88. Ba7 Kc6 89. Bb8 Be3 90. Bg3 Ba7 91. Bf2 1-0

[Event "BL2-West 1314"]
[Site "Germany"]
[Date "2014.01.19"]
[Round "5.3"]
[White "Sakaev, Konstantin"]
[Black "Fridman, Rafael"]
[Result "1-0"]
[WhiteElo "2591"]
[BlackElo "2507"]
[PlyCount "107"]
[EventDate "2013.10.13"]
[EventType "team-tourn"]
[EventRounds "9"]
[EventCountry "GER"]
[SourceTitle "EXT 2015"]
[Source "ChessBase"]
[SourceDate "2014.11.20"]
[SourceVersion "1"]
[SourceVersionDate "2014.11.20"]
[SourceQuality "1"]
[WhiteTeam "Wiesbaden"]
[BlackTeam "Bochum 31"]
[WhiteTeamCountry "GER"]
[BlackTeamCountry "GER"]

1. d4 Nf6 2. Nf3 d6 3. c4 c6 4. Nc3 Bg4 5. e4 Nbd7 6. Be2 e5 7. 0-0 Be7 8. Be3 0-0 9. d5 c5 10. Kh1 Ne8 11. Qd2 Kh8 12. h3 Bxf3 13. Bxf3 h6 14. Bg4 Nef6 15. Be2 Nh7 16. g3 Bg5 17. f4 Bf6 18. f5 Bg5 19. h4 Bxe3 20. Qxe3 a6 21. a3 Rc8 22. Rab1 Rb8 23. Kg2 Qe7 24. Rh1 Kg8 25. Rh3 Rfc8 26. g4 f6 27. Kf2 Qd8 28. Rhh1 Qe7 29. b4 cxb4 30. axb4 b6 31. Na4 b5 32. cxb5 axb5 33. Nc3 Nb6 34. Nxb5 Nc4 35. Bxc4 Rxc4 36. Na7 Rc2+ 37. Kg3 Ra8 38. Nc6 Qb7 39. Rhc1 Rca2 40. b5 R2a3 41. Rc3 Rxc3 42. Qxc3 Qb6 43. Kf3 Nf8 44. Ne7+ Kh7 45. Qe3 Qb7 46. Nc6 Nd7 47. g5 Nb6 48. Rc1 Nxd5 49. g6+ Kh8 50. exd5 Qxb5 51. Qe4 Ra3+ 52. Kg4 Qb3 53. Nxe5 Ra8 54. Nf7+ 1-0

[Event "BL2-West 1314"]
[Site "Germany"]
[Date "2013.10.13"]
[Round "1.3"]
[White "Hambleton, Aman"]
[Black "Fridman, Rafael"]
[Result "1-0"]
[WhiteElo "2495"]
[BlackElo "2507"]
[PlyCount "93"]
[EventDate "2013.10.13"]
[EventType "team-tourn"]
[EventRounds "9"]
[EventCountry "GER"]
[SourceTitle "EXT 2015"]
[Source "ChessBase"]
[SourceDate "2014.11.20"]
[SourceVersion "1"]
[SourceVersionDate "2014.11.20"]
[SourceQuality "1"]
[WhiteTeam "Bochum SV 02"]
[BlackTeam "Bochum 31"]
[WhiteTeamCountry "GER"]
[BlackTeamCountry "GER"]

1. d4 d6 2. c4 e5 3. Nf3 e4 4. Ng5 f5 5. g3 Be7 6. Nh3 Nf6 7. Nf4 c6 8. Nc3 Na6 9. h4 Nc7 10. d5 0-0 11. Bh3 Nd7 12. 0-0 Ne5 13. b3 c5 14. f3 exf3 15. exf3 g6 16. a4 Bf6 17. Bd2 Re8 18. Bg2 Rb8 19. Nb5 a6 20. Nxc7 Qxc7 21. a5 Nf7 22. Rb1 Bd7 23. Qc2 Bd4+ 24. Kh1 Qd8 25. Bc3 Be5 26. Qd2 Qf6 27. Bxe5 Nxe5 28. Rfe1 Re7 29. Ne6 Nf7 30. f4 Rbe8 31. b4 cxb4 32. Rxb4 Bc8 33. Rb6 Bxe6 34. dxe6 Rxe6 35. Rxe6 Qxe6 36. Bd5 Qe1+ 37. Qxe1 Rxe1+ 38. Kg2 Kf8 39. Rxb7 Nh6 40. Rxh7 Ng4 41. Rf7+ Ke8 42. Ra7 Re2+ 43. Kf1 Re3 44. Rxa6 Rxg3 45. Rxd6 Ra3 46. Re6+ Kd7 47. a6 1-0

[Event "BL2-West 1112"]
[Site "Germany"]
[Date "2012.03.18"]
[Round "8.3"]
[White "Zude, Arno"]
[Black "Fridman, Rafael"]
[Result "1/2-1/2"]
[WhiteElo "2431"]
[BlackElo "2507"]
[PlyCount "81"]
[EventDate "2011.10.02"]
[EventType "team-tourn"]
[EventRounds "9"]
[EventCountry "GER"]
[SourceTitle "EXT 2015"]
[Source "ChessBase"]
[SourceDate "2014.11.20"]
[SourceVersion "1"]
[SourceVersionDate "2014.11.20"]
[SourceQuality "1"]
[WhiteTeam "Hofheim"]
[BlackTeam "Bochum SG"]
[WhiteTeamCountry "GER"]
[BlackTeamCountry "GER"]

1. e4 d5 2. exd5 Qxd5 3. Nc3 Qd8 4. d4 Nf6 5. Nf3 Bg4 6. h3 Bxf3 7. Qxf3 c6 8. Be3 e6 9. Bd3 Nbd7 10. Qg3 Nh5 11. Qh2 Nb6 12. Qe5 Nf6 13. Ne4 Nbd5 14. 0-0 Nxe4 15. Qxe4 Bd6 16. Bd2 Nf6 17. Qf3 Bc7 18. c3 Qd5 19. Qxd5 Nxd5 20. Rfe1 Bf4 21. Rad1 0-0-0 22. Be4 Bxd2 23. Rxd2 Nf6 24. Bf3 Kc7 25. Rde2 h6 26. g3 Nd7 27. h4 Rhe8 28. Bg2 Nf6 29. f4 g6 30. Bf3 h5 31. Kf2 Rd6 32. Re5 Rb8 33. Ra5 a6 34. Ke2 Nd5 35. Kd3 Ne7 36. Ke2 Ra8 37. Kf2 b6 38. Rae5 a5 39. Kg2 Rad8 40. Kf2 Nf5 41. R1e2 1/2-1/2

[Event "BL2-West 1112"]
[Site "Germany"]
[Date "2012.02.26"]
[Round "7.3"]
[White "Fridman, Rafael"]
[Black "Nyzhnyk, Illya"]
[Result "1/2-1/2"]
[WhiteElo "2507"]
[BlackElo "2561"]
[PlyCount "65"]
[EventDate "2011.10.02"]
[EventType "team-tourn"]
[EventRounds "9"]
[EventCountry "GER"]
[SourceTitle "EXT 2015"]
[Source "ChessBase"]
[SourceDate "2014.11.20"]
[SourceVersion "1"]
[SourceVersionDate "2014.11.20"]
[SourceQuality "1"]
[WhiteTeam "Bochum SG"]
[BlackTeam "Koeln Porz"]
[WhiteTeamCountry "GER"]
[BlackTeamCountry "GER"]

1. Nf3 Nf6 2. g3 g6 3. b3 Bg7 4. Bb2 0-0 5. Bg2 c5 6. c4 Nc6 7. 0-0 Re8 8. d4 d5 9. dxc5 dxc4 10. Nbd2 cxb3 11. Nxb3 Qc7 12. Nfd4 Bd7 13. Rc1 Rad8 14. Qe1 Qc8 15. Na5 Nxd4 16. Bxd4 Bh3 17. Bxb7 Qe6 18. Bxf6 Bxf6 19. Nb3 Bxf1 20. Kxf1 Bb2 21. Rc2 Be5 22. Kg2 Bc7 23. e3 h5 24. h4 Rd3 25. Qe2 Rxb3 26. axb3 Qxb3 27. Bf3 Rd8 28. Rb2 Qc3 29. c6 a5 30. Rb7 Qe5 31. Qc4 Rb8 32. Be4 e6 33. Bf3 1/2-1/2

[Event "BEL-chT 1112"]
[Site "Belgium"]
[Date "2012.01.29"]
[Round "7.5"]
[White "Glek, Igor Vladimirovich"]
[Black "Fridman, Rafael"]
[Result "1/2-1/2"]
[WhiteElo "2408"]
[BlackElo "2507"]
[PlyCount "59"]
[EventDate "2011.10.09"]
[EventType "team-tourn"]
[EventRounds "11"]
[EventCountry "BEL"]
[SourceTitle "EXT 2013"]
[Source "ChessBase"]
[SourceDate "2012.11.22"]
[SourceVersion "1"]
[SourceVersionDate "2012.11.22"]
[SourceQuality "1"]
[WhiteTeam "Eupen Rochade"]
[BlackTeam "Ans"]
[WhiteTeamCountry "BEL"]
[BlackTeamCountry "BEL"]

1. e4 d5 2. exd5 Qxd5 3. Nc3 Qd8 4. d4 Nf6 5. Bg5 Bf5 6. Qd2 c6 7. Nge2 e6 8. h3 h6 9. Be3 Nbd7 10. g4 Ne4 11. Nxe4 Bxe4 12. Rg1 Nf6 13. Ng3 Bh7 14. c4 Bd6 15. f4 Ne4 16. Nxe4 Bxe4 17. 0-0-0 Qc7 18. Bg2 Bxg2 19. Rxg2 0-0-0 20. Rf2 h5 21. Kb1 hxg4 22. hxg4 c5 23. d5 exd5 24. Qxd5 Rhe8 25. Qf5+ Qd7 26. Qxd7+ Rxd7 27. Bc1 Bc7 28. Rxd7 Kxd7 29. Kc2 Re1 30. Bd2 1/2-1/2

[Event "BL2-West 1112"]
[Site "Germany"]
[Date "2011.10.23"]
[Round "2.3"]
[White "Telljohann, Sven"]
[Black "Fridman, Rafael"]
[Result "0-1"]
[WhiteElo "2424"]
[BlackElo "2507"]
[PlyCount "76"]
[EventDate "2011.10.02"]
[EventType "team-tourn"]
[EventRounds "9"]
[EventCountry "GER"]
[SourceTitle "EXT 2015"]
[Source "ChessBase"]
[SourceDate "2014.11.20"]
[SourceVersion "1"]
[SourceVersionDate "2014.11.20"]
[SourceQuality "1"]
[WhiteTeam "Schoeneck"]
[BlackTeam "Bochum SG"]
[WhiteTeamCountry "GER"]
[BlackTeamCountry "GER"]

1. Nf3 d5 2. g3 c6 3. Bg2 Nf6 4. 0-0 Bf5 5. b3 e6 6. c4 Nbd7 7. d3 h6 8. Bb2 Be7 9. Nbd2 0-0 10. a3 a5 11. Qb1 Bh7 12. Ne5 Qb6 13. Nxd7 Nxd7 14. Qc2 Rfe8 15. Rac1 Bf8 16. Nf3 Bg6 17. Nh4 Bh7 18. Nf3 Rac8 19. Bd4 Qc7 20. Qb2 e5 21. Be3 d4 22. Bd2 c5 23. b4 axb4 24. axb4 b6 25. Rfe1 e4 26. dxe4 Bxe4 27. bxc5 bxc5 28. Ra1 Rb8 29. Qc1 Qc6 30. Ra7 Ra8 31. Rxa8 Rxa8 32. Bf1 Ra2 33. Qd1 Qb7 34. Bc1 Qb4 35. Bh3 Nb6 36. Ne5 Nxc4 37. Nd3 Qb1 38. f3 Bg6 0-1

[Event "BEL-chT 1112"]
[Site "Belgium"]
[Date "2011.10.09"]
[Round "1.3"]
[White "Haub, Thorsten Michael"]
[Black "Fridman, Rafael"]
[Result "1/2-1/2"]
[WhiteElo "2462"]
[BlackElo "2507"]
[PlyCount "38"]
[EventDate "2011.10.09"]
[EventType "team-tourn"]
[EventRounds "11"]
[EventCountry "BEL"]
[SourceTitle "EXT 2012"]
[Source "ChessBase"]
[SourceDate "2011.11.24"]
[SourceVersion "1"]
[SourceVersionDate "2011.11.24"]
[SourceQuality "1"]
[WhiteTeam "Fontaine"]
[BlackTeam "Ans"]
[WhiteTeamCountry "BEL"]
[BlackTeamCountry "BEL"]

1. g3 d5 2. Bg2 c6 3. d3 Nf6 4. Nd2 e5 5. e4 dxe4 6. dxe4 Bc5 7. Ngf3 Qc7 8. 0-0 0-0 9. Qe2 Be6 10. a3 a5 11. b3 Nbd7 12. Bb2 Rfe8 13. h3 h6 14. Nc4 Bxc4 15. Qxc4 b5 16. Qe2 Rab8 17. Rfd1 Bf8 18. Nd2 Nc5 19. Kh2 Rbd8 1/2-1/2